| 000 -CABECERA |
| Campo de control de longitud fija |
00443nam a22001577a 4500 |
| 005 - FECHA Y HORA DE LA ÚLTIMA TRANSACCIÓN |
| Campo de control |
20250919135651.0 |
| 008 - CAMPO FIJO DE DESCRIPCIÓN FIJA--INFORMACIÓN GENERAL |
| Campo de control de longitud fija |
241107b ||||| |||| 00| 0 eng d |
| 020 ## - ISBN (INTERNATIONAL STANDARD BOOK NUMBER) |
| ISBN |
9788410523364 |
| 040 ## - FUENTE DE CATALOGACIÓN |
| Agencia de catalogación original |
CDMR |
| Agencia que realiza la modificación |
CDMR |
| 100 ## - ENCABEZAMIENTO PRINCIPAL--NOMBRE PERSONAL |
| 9 (RLIN) |
4983 |
| Nombre de persona |
Jové, Oriol |
| 245 ## - MENCIÓN DE TÍTULO |
| Título |
Lecube |
| Parte restante del título |
: el futbolista de Hitler |
| Mención de responsabilidad, etc. |
/ Oriol Jové |
| 260 ## - PUBLICACIÓN, DISTRIBUCIÓN, ETC (PIE DE IMPRENTA) |
| Lugar de publicación, distribución, etc. |
Córdoba : |
| Nombre del editor, distribuidor, etc. |
Almuzara, |
| Fecha de publicación, distribución, etc. |
2024 |
| 300 ## - DESCRIPCIÓN FÍSICA |
| Extensión |
222 pàgines |
| 650 #0 - ASIENTO SECUNDARIO DE MATERIA--TÉRMINO DE MATERIA |
| 9 (RLIN) |
4984 |
| Nombre de materia o nombre geográfico como elemento de entrada |
Espies |
| Subdivisión geográfica |
Espanya |
| Subdivisión cronológica |
1939-1945 |
| 942 ## - ELEMENTOS KOHA |
| Fuente de clasificación o esquema de ordenación en estanterías |
|
| Koha tipo de item |
Monografies |